Online Catalogue and eLibrary

Between Tradition, Counter Tradition and Heresy (Record no. 1429)

MARC details
000 -LEADER
fixed length control field 00564nam a2200205Ia 4500
005 - DATE AND TIME OF LATEST TRANSACTION
control field 20250106021628.0
008 - FIXED-LENGTH DATA ELEMENTS--GENERAL INFORMATION
fixed length control field 240331s9999 xx 000 0 und d
020 ## - INTERNATIONAL STANDARD BOOK NUMBER
ISBN 8186962441
082 ## - DDC Classification
Item Number - Author Mark LOT
DDC Edition Number 5484
Class No. 305
245 #0 - TITLE STATEMENT
Title Between Tradition, Counter Tradition and Heresy
Remainder of title Contributions in Honour of Vina Mazumdar
260 ## - PUBLICATION, DISTRIBUTION, ETC.
Place of publication, distribution, etc. Delhi
Name of publisher, distributor, etc. Rainbow Publishers Limited
Date of publication, distribution, etc. 2002
300 ## - PHYSICAL DESCRIPTION
Extent (e.g. Volumes, Pages etc.) 392 p.,
650 ## - SUBJECT ADDED ENTRY--TOPICAL TERM
Topical term or geographic name entry element Tradition
650 ## - SUBJECT ADDED ENTRY--TOPICAL TERM
Topical term or geographic name entry element Women
650 ## - SUBJECT ADDED ENTRY--TOPICAL TERM
Topical term or geographic name entry element Feminism
700 ## - ADDED ENTRY--PERSONAL NAME
Personal name Sarkar, L
Relator term (Role) Editor
700 ## - ADDED ENTRY--PERSONAL NAME
Personal name Sharma, K
Relator term (Role) Editor
700 ## - ADDED ENTRY--PERSONAL NAME
Personal name Kasturi, L
Relator term (Role) Editor
942 ## - Koha item type (Biblio)
Koha item type Books in Stacks (Lending)
Holdings
Lost status Damaged status Collection code Home library Current library Shelving location Date acquired Full call number Accession Number Item type
    Lending WERC Library WERC Library Social Science Cupboard 03/31/2024 305 BET 5484 Books in Stacks (Lending)

© WERC Library